Meilleurs Buteurs de Bundesliga depuis 2010 - Football - Statistiques

Statistiques générales
  • Ce quiz a été pris 162 fois
  • Le résultat moyen est 7 sur 20
Statistiques - réponses
Buts Nationalité Joueur % Correct
312 Pologne Robert Lewandowski
99%
137 Allemagne Thomas Müller
94%
98 Gabon Pierre-Emerick Aubameyang
89%
83 Pays-Bas Arjen Robben
71%
148 Allemagne Marco Reus
63%
126 Croatie Andrej Kramaric
50%
97 Allemagne Mario Gomez
50%
91 Allemagne Serge Gnabry
48%
74 Tchéquie Patrick Schick
43%
85 France Anthony Modeste
22%
102 Allemagne Timo Werner
22%
84 Pays-Bas Klaas-Jan Huntelaar
21%
66 Italie Vincenzo Grifo
19%
70 Allemagne Julian Brandt
13%
91 Bosnie Vedad Ibisevic
12%
81 Allemagne Stefan Kießling
10%
97 Allemagne Max Kruse
5%
80 Allemagne Kevin Volland
4%
89 Allemagne Nils Petersen
3%
81 Allemagne Lars Stindl
2%
Aucun quiz correspondant
Distribution des résultats
% des personnes avec chaque résultat
Percentile par nombre de réponses
Votre historique - résultats
Vous n’avez pas pris ce quiz